000 00760nam a2200229 4500
001 136633
003 ES-MaACL
005 20230906195203.0
007 t|
008 070214s1979 sp r ||||1| spa d
100 1 _aSafer, Daniel J.
_9101391
245 1 0 _aNiños hiperactivos
_b: diagnóstico y tratamiento /
_cDaniel J. Safer, Richard P. Allen ; palabras preliminares de Leon Eisenberg ; traducción de José Gil Díez.
260 _aMadrid :
_bSantillana,
_c1979.
300 _a314 p. :
_bil. ;
_c21 cm.
490 1 _aAula XXI
700 1 _aAllen, Richard P.
_920000
700 1 _aEisenberg, Leon.
_946856
700 1 _aGil Diez, José.
_9187044
830 0 _aAula XXI
_9187045
852 _aES-MaACL
_jA-10786
_bR.99891
999 _c136633
_d136633